[Event "Mistrzostwa Polski Juniorow do lat 16 - Chlopcy"]
[Site "Szklarska Poreba"]
[Date "1899-12-30"]
[Round "5.1"]
[White "Baum, Jonasz"]
[Black "Luczak, Filip"]
[Result "0-1"]
[WhiteTitle "FM"]
[BlackTitle "CM"]
[WhiteElo "2391"]
[BlackElo "2179"]

1. d4 Nf6 2. Nf3 g6 3. c4 Bg7 4. g3 O-O 5. Bg2 c6 6. O-O d5 7. Nbd2 a5 8. b3 a4
9. Bb2 Ne4 10. Nxe4 dxe4 11. Nd2 f5 12. Qc2 Bxd4 13. Rad1 Bxb2 14. Qxb2 Nd7 15.
c5 Qc7 16. b4 Ne5 17. f3 e3 18. f4 Nd3 19. exd3 e2 20. Rde1 exf1=Q+ 21. Bxf1 Rf6
22. d4 Be6 23. Rxe6 Rxe6 24. Bc4 Qd7 25. Nf3 Kg7 26. d5+ Rf6 27. Ne5 Qc7 28. dxc6
bxc6 29. h3 h5 30. a3 Rd8 31. Kf2 Rd1 32. Ke3 Kh7 33. Be2 Rd5 34. Bf3 Qd8 35.
Qc2 Rxe5+ 36. fxe5 Re6 37. Qc3 g5 38. h4 g4 39. Bg2 Qd1 40. Kf4 Kg6 41. Qe3 Qd8
42. Bxc6 Rxc6 43. Qc3 Qd5 44. Ke3 Qf3+ 45. Kd2 Qxc3+ 46. Kxc3 f4 0-1

[Event "Mistrzostwa Polski Juniorow do lat 16 - Chlopcy"]
[Site "Szklarska Poreba"]
[Date "1899-12-30"]
[Round "5.2"]
[White "Czopor, Maciej"]
[Black "Niedbala, Bartlomiej"]
[Result "1/2-1/2"]
[WhiteTitle "k"]
[BlackTitle "FM"]
[WhiteElo "2196"]
[BlackElo "2381"]

1. e4 d5 2. exd5 Qxd5 3. Nc3 Qd8 4. d4 Nf6 5. Nf3 g6 6. Bc4 Bg7 7. O-O O-O 8. h3
a6 9. Re1 Nc6 10. a3 e6 11. Bg5 h6 12. Bf4 Ne7 13. Qd2 Kh7 14. Rad1 b5 15. Bb3
Bb7 16. Ne5 Ned5 17. Bh2 Nb6 18. Qd3 Nbd5 19. a4 b4 20. Ne2 Qe7 21. c4 bxc3 22.
bxc3 c5 23. Bc2 Rac8 24. Nf4 Nxf4 25. Bxf4 Kg8 26. Rb1 cxd4 27. cxd4 Bd5 28. Bd2
Qc7 29. Rb2 Bc4 30. Qf3 Bd5 31. Qd3 Bc4 32. Qf3 Bd5 33. Qd3 Bc4 1/2-1/2

[Event "Mistrzostwa Polski Juniorow do lat 16 - Chlopcy"]
[Site "Szklarska Poreba"]
[Date "1899-12-30"]
[Round "5.3"]
[White "Dzida, Kamil"]
[Black "Suder, Jakub"]
[Result "1-0"]
[WhiteTitle "k+"]
[BlackTitle "I++"]
[WhiteElo "2254"]
[BlackElo "2085"]

1. e4 c5 2. Nf3 e6 3. d4 cxd4 4. Nxd4 Nf6 5. Nc3 Nc6 6. Ndb5 Bc5 7. Bf4 O-O 8.
Bc7 Qe7 9. Bd6 Bxd6 10. Qxd6 Ne8 11. Qxe7 Nxe7 12. O-O-O f5 13. f3 a6 14. Nd6
Nxd6 15. Rxd6 fxe4 16. Nxe4 Nf5 17. Rb6 d5 18. Nd6 Nxd6 19. Rxd6 b5 20. b3 Ra7
21. Kd2 Kf7 22. Bd3 g6 23. Re1 Re8 24. f4 Ree7 25. Re5 Kg7 26. a3 Reb7 27. h4
Rf7 28. g3 Rf6 29. Ke3 Rc7 30. Kd4 Kf7 31. c4 dxc4 32. bxc4 Ke7 33. Rdd5 Bb7 34.
Rc5 Rd7+ 35. Kc3 Rf8 36. cxb5 Bd5 37. bxa6 Kd6 38. Kb4 Ra7 39. h5 Rb8+ 40. Rb5
Rg8 41. hxg6 hxg6 42. Rg5 Kc6 43. a4 Rh8 44. Rxg6 Rh2 45. f5 Kd6 46. fxe6 Re7
47. a7 Rxa7 48. e7+ Kxe7 49. Rxd5 1-0

[Event "Mistrzostwa Polski Juniorow do lat 16 - Chlopcy"]
[Site "Szklarska Poreba"]
[Date "1899-12-30"]
[Round "5.4"]
[White "Bachor, Tomasz"]
[Black "Fiedorek, Michal"]
[Result "0-1"]
[WhiteTitle "k"]
[BlackTitle "FM"]
[WhiteElo "2105"]
[BlackElo "2223"]

1. d4 Nf6 2. c4 g6 3. Nc3 Bg7 4. e4 d6 5. h3 e5 6. d5 Nbd7 7. Bd3 Nc5 8. Bc2 a5
9. Nge2 O-O 10. Bg5 h6 11. Be3 Nfd7 12. g4 Nb6 13. b3 Bd7 14. Ng3 a4 15. b4 Na6
16. Bxb6 cxb6 17. a3 Qc7 18. Bd3 Bf6 19. Rc1 Bg5 20. Rc2 Qd8 21. Qe2 Qf6 22. Nd1
Rac8 23. O-O h5 24. Kg2 hxg4 25. hxg4 Kg7 26. Ne3 Rh8 27. Qf3 Bf4 28. Rcc1 Qg5
29. Be2 Rh4 30. Rh1 Rxh1 31. Rxh1 Nc7 32. Ngf1 Ne8 33. Qh3 Nf6 34. Nh2 Bxe3 35.
fxe3 Nxe4 36. Rf1 Nf6 37. Qg3 Rh8 38. Bd1 Ne4 39. Qf3 f5 40. Rh1 Nf6 41. c5 fxg4
42. Qf2 bxc5 43. bxc5 g3 44. Qxg3 Bh3+ 0-1

[Event "Mistrzostwa Polski Juniorow do lat 16 - Chlopcy"]
[Site "Szklarska Poreba"]
[Date "1899-12-30"]
[Round "5.5"]
[White "Luberanski, Jakub"]
[Black "Zabron, Maksym"]
[Result "1/2-1/2"]
[WhiteTitle "k"]
[BlackTitle "I++"]
[WhiteElo "2151"]
[BlackElo "2023"]

1. e4 c5 2. Nf3 d6 3. d4 cxd4 4. Nxd4 Nf6 5. Nc3 g6 6. Be3 Bg7 7. f3 Nc6 8. Qd2
O-O 9. O-O-O d5 10. exd5 Nxd5 11. Nxc6 bxc6 12. Bd4 Bxd4 13. Qxd4 Qb6 14. Nxd5
cxd5 15. Qxd5 Be6 16. Qd4 Qa5 17. a3 Rfd8 18. Qe3 Rxd1+ 19. Kxd1 Bf5 20. Bc4 Rc8
21. Bb3 Qc7 22. Qe2 Qf4 23. Qd2 Qb8 24. Qe2 Qf4 25. Qd2 Qb8 26. Qe2 Qf4 1/2-1/2

[Event "Mistrzostwa Polski Juniorow do lat 16 - Chlopcy"]
[Site "Szklarska Poreba"]
[Date "1899-12-30"]
[Round "5.6"]
[White "Kotula, Pawel"]
[Black "Czernek, Tymon"]
[Result "0-1"]
[WhiteTitle "I"]
[BlackTitle "I++"]
[WhiteElo "1707"]
[BlackElo "2120"]

1. d4 Nf6 2. c4 c5 3. d5 b5 4. cxb5 a6 5. f3 g6 6. e4 d6 7. Na3 Bg7 8. Ne2 O-O
9. Nc3 Nfd7 10. Bg5 Nb6 11. Qd2 Re8 12. Bh6 Bh8 13. h4 axb5 14. Naxb5 N8d7 15.
h5 Ne5 16. f4 Ng4 17. hxg6 fxg6 18. f5 Nd7 19. fxg6 hxg6 20. Qg5 Nde5 21. Qh4
Kf7 22. Be2 Bf6 23. Rf1 Rh8 24. Bxg4 Nxg4 25. O-O-O Rxh6 26. Qg3 Kg7 27. Qf4 e5
28. Qg3 Bg5+ 29. Kb1 Bf4 30. Rxf4 exf4 31. Qxf4 Ne5 32. Rf1 Ba6 33. a4 Rh8 34.
Qg3 Bxb5 35. axb5 Qh4 36. Qe3 Rhf8 37. Rd1 Rf2 38. Ne2 Rxg2 39. Nf4 Rxb2+ 40.
Kc1 Qh2 41. Ne6+ Kg8 42. Rd2 Rxd2 43. Qxd2 Ra1+ 0-1

[Event "Mistrzostwa Polski Juniorow do lat 16 - Chlopcy"]
[Site "Szklarska Poreba"]
[Date "1899-12-30"]
[Round "5.7"]
[White "Ochedzan, Tymon"]
[Black "Oleksy, Krzysztof"]
[Result "1-0"]
[WhiteTitle "CM"]
[BlackTitle "I"]
[WhiteElo "2099"]
[BlackElo "1842"]

1. e4 e5 2. Nf3 Nc6 3. Bb5 a6 4. Ba4 Nf6 5. O-O Bc5 6. c3 O-O 7. d4 Ba7 8. Re1
d6 9. h3 b5 10. Bb3 Bb7 11. Bg5 h6 12. Bh4 Qe7 13. d5 Nb8 14. a4 g5 15. Bg3 bxa4
16. Bxa4 Nh5 17. Bh2 Nf4 18. Na3 Bc8 19. Nc4 Nd7 20. Ne3 Nc5 21. Bc2 Bb6 22. b4
Nb7 23. Bxf4 gxf4 24. Nf5 Qf6 25. N3h4 Kh7 26. Qe2 a5 27. Kh1 Bd7 28. g3 fxg3
29. fxg3 Qg5 30. Rf1 Rae8 31. Ba4 Bxa4 32. Rxa4 f6 33. Nf3 Qg6 34. Qa6 Qh5 35.
Qxb7 Qxh3+ 36. Nh2 Rg8 37. bxa5 Rxg3 38. Nxg3 Qxg3 39. axb6 Rg8 40. Qxc7+ Kh8
41. Ra2 Qd3 42. Re1 Qg3 43. Rae2 Rg5 44. b7 1-0

[Event "Mistrzostwa Polski Juniorow do lat 16 - Chlopcy"]
[Site "Szklarska Poreba"]
[Date "1899-12-30"]
[Round "5.8"]
[White "Skurniak, Szymon"]
[Black "Turski, Bartlomiej"]
[Result "1-0"]
[WhiteTitle "I+"]
[BlackTitle "I"]
[WhiteElo "2005"]
[BlackElo "1986"]

1. e4 c5 2. Nf3 d6 3. d4 cxd4 4. Nxd4 Nf6 5. Nc3 Nc6 6. Bc4 e6 7. Be3 Be7 8. Qe2
a6 9. O-O-O Nxd4 10. Bxd4 b5 11. Bb3 Bb7 12. a3 O-O 13. f4 Qb8 14. f5 e5 15. Bf2
a5 16. Bh4 b4 17. Bxf6 Bxf6 18. Nb5 Ba6 19. a4 Bxb5 20. Qxb5 Qxb5 21. axb5 Rfd8
22. Rd3 Rab8 23. Rhd1 Rb6 24. Bc4 Kf8 25. b3 Ke7 26. Kb2 h5 27. c3 bxc3+ 28. Rxc3
Rc8 29. Ra1 d5 30. Bxd5 Rxc3 31. Kxc3 Rxb5 32. Kc4 Rb4+ 33. Kd3 Rb5 34. Kc4 Rb4+
35. Kc5 Kd7 36. Bxf7 Be7+ 37. Kd5 Rb5+ 38. Kc4 Rb4+ 39. Kd3 Rd4+ 40. Ke3 Bg5+
41. Kf3 Rd3+ 42. Kf2 Rd2+ 43. Kf1 Be3 44. Rxa5 Bd4 45. Rd5+ Ke7 46. Bxh5 Rf2+
47. Ke1 Rxg2 48. Be2 Rxh2 49. Kd2 Rh3 50. Rb5 Rg3 51. Rb7+ Kd6 52. b4 Kc6 53.
Re7 Bc3+ 54. Kc2 Bxb4 55. Rxe5 Re3 56. Bb5+ Kc7 57. Bd3 Bd6 58. Ra5 Kd8 59. Kc3
Bc7 60. Rb5 Re1 61. Kd4 Ra1 62. Bc4 Ra5 63. Rb7 Be5+ 64. Kd3 Rc5 65. Rb1 Ke7 66.
Bd5 Rc3+ 67. Kd2 Rc7 68. Rb6 Bd6 69. Kd3 Rc1 70. Bb3 Rc5 71. Kd4 Ra5 72. Rb7+
Ke8 73. Bd5 Bc5+ 74. Kc4 Be7 75. Bc6+ Kf8 76. Bb5 Bf6 77. Kd5 Ra8 78. e5 Rd8+
79. Ke6 Bg5 80. f6 gxf6 81. exf6 Bxf6 82. Kxf6 Rd6+ 83. Ke5 Rd1 84. Kf6 Rd6+ 85.
Kf5 Rd1 86. Bd7 Rh1 87. Kg6 Rg1+ 88. Kf6 Rf1+ 89. Bf5 Re1 90. Rb8+ Re8 91. Rb1
Re2 92. Ra1 Re3 93. Rh1 Rg3 94. Rf1 Rg2 95. Rh1 Rg3 96. Rh8+ Rg8 97. Rh7 Rg1 98.
Rf7+ Ke8 99. Re7+ Kd8 100. Rd7+ Ke8 101. Rd4 Rf1 102. Rc4 Rd1 103. Rc8+ Rd8 104.
Rc7 Ra8 105. Rh7 Ra6+ 106. Be6 Kd8 107. Rd7+ Ke8 108. Rc7 Rd6 109. Re7+ Kd8 110.
Rh7 Ra6 111. Rd7+ Ke8 112. Rd1 Ra3 113. Rh1 Kd8 114. Rc1 Ra8 115. Rc6 Ke8 116.
Rd6 Ra7 117. Bd5 1-0

[Event "Mistrzostwa Polski Juniorow do lat 16 - Chlopcy"]
[Site "Szklarska Poreba"]
[Date "1899-12-30"]
[Round "5.9"]
[White "Dalkowski, Rafal"]
[Black "Grzesik, Gracjan"]
[Result "1/2-1/2"]
[WhiteTitle "I"]
[BlackTitle "I++"]
[WhiteElo "1893"]
[BlackElo "2039"]

1. d4 Nf6 2. c4 e6 3. Nf3 d5 4. Bg5 Be7 5. Nc3 O-O 6. e3 Nbd7 7. Bd3 b6 8. O-O
Bb7 9. Qe2 Ne4 10. Bf4 c5 11. Rfd1 f5 12. dxc5 Nxc3 13. bxc3 Nxc5 14. cxd5 Bxd5
15. Bc2 Qe8 16. c4 Bb7 17. Be5 Qg6 18. Ne1 Bf6 19. Bd4 Rf7 20. Rab1 Rc8 21. f3
Nd7 22. Nd3 e5 23. Ba1 Re7 24. Nb4 Nc5 25. Nd5 Bxd5 26. cxd5 e4 27. d6 Rd7 28.
fxe4 fxe4 29. Bd4 Rxd6 30. Bxc5 Rxd1+ 31. Rxd1 1/2-1/2

[Event "Mistrzostwa Polski Juniorow do lat 16 - Chlopcy"]
[Site "Szklarska Poreba"]
[Date "1899-12-30"]
[Round "5.10"]
[White "Gorkiewicz, Mateusz"]
[Black "Koziorowicz, Michal"]
[Result "0-1"]
[WhiteTitle "I+"]
[BlackTitle "k"]
[WhiteElo "1959"]
[BlackElo "2099"]

1. e4 c5 2. Nf3 e6 3. d4 cxd4 4. Nxd4 a6 5. Bd3 Bc5 6. Nb3 Be7 7. O-O d6 8. Nc3
Nf6 9. f4 O-O 10. Qf3 Qc7 11. Bd2 Nc6 12. Rae1 b5 13. e5 Ne8 14. f5 b4 15. Nd1
exf5 16. Ne3 dxe5 17. Bxf5 Nf6 18. Qg3 Bb7 19. Bd3 g6 20. Nf5 Nh5 21. Qg4 Bf6
22. Nh6+ Kh8 23. Qc4 Rac8 24. Qg4 Bg7 25. Nf5 Nf6 26. Qh4 gxf5 27. Rxf5 e4 28.
Rxe4 Nxe4 29. Rh5 Qb6+ 30. Nc5 Ne5 31. Bxe4 Qxc5+ 32. Kh1 Bxe4 33. Qxe4 Qxc2 34.
Rxh7+ Kg8 35. Rxg7+ Kxg7 36. Qxe5+ Kg8 37. Bh6 Qc1+ 0-1

[Event "Mistrzostwa Polski Juniorow do lat 16 - Chlopcy"]
[Site "Szklarska Poreba"]
[Date "1899-12-30"]
[Round "5.11"]
[White "Kacprzak, Karol"]
[Black "Kacprzak, Kacper"]
[Result "1/2-1/2"]
[WhiteTitle "I++"]
[BlackTitle "I+"]
[WhiteElo "1954"]
[BlackElo "2019"]

1. e4 c5 2. Nf3 Nc6 3. d4 cxd4 4. Nxd4 Nf6 5. Nc3 e5 6. Ndb5 d6 7. Bg5 a6 8. Na3
b5 9. Nd5 Be7 10. Bxf6 Bxf6 11. c3 O-O 12. Nc2 Bg5 13. Nce3 Be6 14. Be2 Ne7 15.
O-O Nxd5 16. Nxd5 Bxd5 17. Qxd5 Rb8 18. Rfd1 Be7 19. g3 Qc7 20. h4 Rfd8 21. Rac1
g6 22. Kg2 Qc5 23. Qxc5 dxc5 24. b3 f6 25. Rxd8+ Rxd8 26. Rd1 Rxd1 27. Bxd1 a5
28. Be2 b4 29. c4 Kf7 30. Bg4 Bf8 31. h5 Bh6 32. hxg6+ hxg6 1/2-1/2

[Event "Mistrzostwa Polski Juniorow do lat 16 - Chlopcy"]
[Site "Szklarska Poreba"]
[Date "1899-12-30"]
[Round "5.12"]
[White "Kania, Dominik"]
[Black "Kozlowski, Michal"]
[Result "0-1"]
[WhiteTitle "I"]
[BlackTitle "I++"]
[WhiteElo "1933"]
[BlackElo "2009"]

1. d4 d5 2. Bf4 Nf6 3. e3 c5 4. c3 Qb6 5. Qb3 c4 6. Qc2 g6 7. Nd2 Bf5 8. Qc1 Nc6
9. Ngf3 Bg7 10. h3 O-O 11. Be2 Qd8 12. Bd1 b5 13. Bc2 Bxc2 14. Qxc2 Nd7 15. e4
e5 16. dxe5 Ndxe5 17. Nxe5 Nxe5 18. Bxe5 Bxe5 19. Nf3 Re8 20. Rd1 Bg7 21. O-O
Rxe4 22. Qd2 b4 23. cxb4 d4 24. Rfe1 Rxe1+ 25. Qxe1 Qd5 26. Qe7 d3 27. Rd2 Bf8
28. Qh4 Bxb4 29. Rd1 Bf8 30. Nd2 Rc8 31. Rc1 c3 32. Rxc3 Rxc3 33. bxc3 Qxa2 34.
Ne4 Qe6 35. Qf4 Be7 36. Qe3 f5 37. Nd2 Qxe3 38. fxe3 Bc5 0-1

[Event "Mistrzostwa Polski Juniorow do lat 16 - Chlopcy"]
[Site "Szklarska Poreba"]
[Date "1899-12-30"]
[Round "5.13"]
[White "Syrkiewicz, Michal"]
[Black "Cwiek, Ryszard"]
[Result "0-1"]
[WhiteTitle "I"]
[BlackTitle "I+"]
[WhiteElo "2004"]
[BlackElo "1843"]

1. e4 e6 2. d4 d5 3. Nc3 Nc6 4. e5 f6 5. exf6 Nxf6 6. Nf3 Bd6 7. Bg5 Bd7 8. a3
Qe7 9. Be2 O-O 10. O-O Be8 11. Qd2 Bg6 12. Rae1 Qf7 13. Bh4 h6 14. Bg3 Ne4 15.
Nxe4 Bxe4 16. Qc3 Qg6 17. Bd3 Bxd3 18. Qxd3 Qxd3 19. cxd3 Rae8 20. Be5 Bxe5 21.
dxe5 Rf5 22. Re3 g5 23. h3 Ref8 24. Rfe1 Rf4 25. R1e2 Kg7 26. Rd2 Kg6 27. Rc2
R8f7 28. Kf1 Nd4 29. Nxd4 Rxd4 30. g3 h5 31. Kg2 c6 32. f3 h4 33. g4 Rc7 34. Kf2
c5 35. Ke2 a5 36. Kd2 Rf4 37. Ke2 b6 38. Rc1 Rcf7 39. Rf1 Kg7 40. Rf2 Kf8 41.
b3 Ke7 42. Rf1 Kd7 43. a4 Kc6 44. Rf2 b5 45. axb5+ Kxb5 46. Rf1 Kb4 47. Rc1 d4
48. Rc4+ Kb5 49. Re4 Rxf3 0-1

[Event "Mistrzostwa Polski Juniorow do lat 16 - Chlopcy"]
[Site "Szklarska Poreba"]
[Date "1899-12-30"]
[Round "5.14"]
[White "Kossowski, Pawel"]
[Black "Panek, Bartosz"]
[Result "0-1"]
[WhiteTitle "I"]
[BlackTitle "I+"]
[WhiteElo "1717"]
[BlackElo "1979"]

1. e4 d6 2. d4 Nf6 3. Nc3 e5 4. Nf3 Nbd7 5. Bc4 Be7 6. O-O Nb6 7. Bb3 exd4 8. Qxd4
O-O 9. Bg5 Nfd7 10. Bxe7 Qxe7 11. Rfe1 Ne5 12. Nxe5 dxe5 13. Qe3 c6 14. Rad1 Be6
15. Bxe6 Qxe6 16. b3 Rfd8 17. Rd3 Rxd3 18. Qxd3 Qd7 19. Rd1 Qxd3 20. Rxd3 Kf8
21. a4 Ke7 22. a5 Nd7 23. Na4 Nf8 24. b4 Ne6 25. c3 b5 26. Nb2 Rf8 27. g3 f5 28.
exf5 Rxf5 29. Re3 Nc7 30. f4 Nd5 31. Rxe5+ Rxe5 32. fxe5 Nxc3 33. Kf2 c5 34. bxc5
Ne4+ 35. Ke3 Nxc5 36. Kd4 Nb3+ 37. Kd5 Nxa5 38. Nd3 Nc4 39. Kc5 Ke6 40. Kd4 a5
41. Nf4+ Kf7 42. Nd3 a4 43. Kc5 a3 44. Nc1 Nxe5 45. Kxb5 Nf3 46. Kb4 Nxh2 47.
Kxa3 Nf1 48. Ne2 Kf6 49. Kb3 Kg5 50. Kc4 Kg4 51. Kd3 Nxg3 52. Nd4 h5 53. Nc2 h4
54. Ke3 h3 55. Kf2 h2 56. Ne3+ Kh3 0-1

[Event "Mistrzostwa Polski Juniorow do lat 16 - Chlopcy"]
[Site "Szklarska Poreba"]
[Date "1899-12-30"]
[Round "5.15"]
[White "Czechowski, Jakub"]
[Black "Celebias, Filip"]
[Result "1-0"]
[WhiteTitle "I+"]
[BlackTitle "II"]
[WhiteElo "1964"]
[BlackElo "1558"]

1. d4 Nf6 2. c4 e6 3. Nc3 Bb4 4. Bd2 c5 5. e3 cxd4 6. exd4 d5 7. Nf3 Nc6 8. c5
b6 9. Bb5 Bd7 10. Bxc6 Bxc6 11. Ne5 Qc7 12. Nd3 bxc5 13. dxc5 Bxc3 14. Bxc3 a5
15. O-O Qe7 16. Rc1 O-O 17. Re1 Rfd8 18. Ne5 Be8 19. Qd4 Rdc8 20. Ng4 Nh5 21.
Bd2 Kh8 22. Qxd5 Rd8 23. Qg5 f6 24. Qe3 e5 25. f3 Rd5 26. Nf2 Qf7 27. Qc3 Bc6
28. Rcd1 Qg6 29. Bc1 a4 30. Rxd5 Bxd5 31. Rd1 Bc6 32. Rd6 Rc8 33. Qd3 Qxd3 34.
Nxd3 Bb5 35. g4 Bxd3 36. Rxd3 Nf4 37. Bxf4 exf4 38. b4 axb3 39. axb3 Kg8 40. b4
Kf7 41. Rd7+ Ke6 42. Rxg7 Rb8 43. Rxh7 Rxb4 44. Rh5 Rb1+ 45. Kf2 Rb2+ 46. Kf1
Rb1+ 47. Ke2 Rb2+ 48. Kd3 Rb3+ 49. Kd4 Rxf3 50. Ke4 Rf1 51. Rf5 Rh1 52. Rh5 Rf1
53. Rh3 Rc1 54. Kd4 Rg1 55. Rc3 Rxg4 56. c6 f3+ 57. Ke3 Rg8 58. c7 Kd7 59. Kxf3
Kc8 60. Kf4 Rh8 61. h3 Rh5 62. Kg4 Rg5+ 63. Kf4 Rh5 64. Kg3 Rg5+ 65. Kh2 Rh5 66.
Rc4 Rg5 67. h4 Rg6 68. Kh3 f5 69. h5 Rg1 70. Kh4 f4 71. Rxf4 Kxc7 72. Rd4 Rh1+
73. Kg5 Rg1+ 74. Rg4 Rd1 75. h6 Rd5+ 76. Kg6 Rd6+ 77. Kh5 Rd5+ 78. Rg5 Rd6 79.
Rg7+ Rd7 80. Rxd7+ 1-0

[Event "Mistrzostwa Polski Juniorow do lat 16 - Chlopcy"]
[Site "Szklarska Poreba"]
[Date "1899-12-30"]
[Round "5.16"]
[White "Kaliszuk, Kamil"]
[Black "Jedrusik, Adam"]
[Result "1-0"]
[WhiteTitle "I+"]
[BlackTitle "I"]
[WhiteElo "1961"]
[BlackElo "1828"]

1. c4 f5 2. Nf3 Nf6 3. g3 e6 4. Bg2 d5 5. O-O Bd6 6. d4 c6 7. b3 O-O 8. Ba3 Bxa3
9. Nxa3 Qd6 10. Nc2 Nbd7 11. Nce1 b6 12. Nd3 Ba6 13. Nfe5 Rac8 14. Rc1 Ne4 15.
c5 bxc5 16. Nxd7 Qxd7 17. Bxe4 cxd4 18. Nc5 Qd6 19. Bg2 Rf7 20. Nxa6 c5 21. Nxc5
Rxc5 22. Qxd4 1-0

[Event "Mistrzostwa Polski Juniorow do lat 16 - Chlopcy"]
[Site "Szklarska Poreba"]
[Date "1899-12-30"]
[Round "5.17"]
[White "Stachecki, Mikolaj"]
[Black "Redzisz, Michal"]
[Result "0-1"]
[WhiteTitle "I+"]
[BlackTitle "k"]
[WhiteElo "1802"]
[BlackElo "2105"]

1. e4 c6 2. d4 d5 3. exd5 cxd5 4. Bd3 Nc6 5. c3 g6 6. h3 Bg7 7. Nf3 f6 8. O-O Nh6
9. Re1 O-O 10. Qc2 Nf7 11. Bd2 e5 12. dxe5 fxe5 13. Nh2 Be6 14. Na3 Rc8 15. Qd1
Nd6 16. Ng4 Qh4 17. Rf1 e4 18. Bb5 h5 19. Ne3 Ne5 20. Be2 Bxh3 21. g3 Qd8 22.
Nxd5 Bxf1 23. Qxf1 Nf5 24. c4 Nxg3 25. Qe1 Nxe2+ 26. Qxe2 Qh4 27. Qe3 Nf3+ 28.
Kf1 Bd4 29. Ne7+ Qxe7 30. Qh6 Nxd2+ 0-1

[Event "Mistrzostwa Polski Juniorow do lat 16 - Chlopcy"]
[Site "Szklarska Poreba"]
[Date "1899-12-30"]
[Round "5.18"]
[White "Poltorak, Sebastian"]
[Black "Dziendziel, Mateusz"]
[Result "1-0"]
[WhiteTitle "k"]
[BlackTitle "I"]
[WhiteElo "2036"]
[BlackElo "1700"]

1. d4 Nf6 2. c4 g6 3. f3 Bg7 4. e4 d6 5. Nc3 O-O 6. Nge2 c5 7. d5 e6 8. Ng3 exd5
9. cxd5 a6 10. a4 Nbd7 11. Be2 Ne5 12. O-O h5 13. h3 Qc7 14. Be3 Nh7 15. f4 Nd7
16. e5 dxe5 17. d6 Qd8 18. Nd5 exf4 19. Ne7+ Kh8 20. Bxf4 Bd4+ 21. Kh1 Ndf6 22.
Bc4 g5 23. Qxd4 cxd4 24. Be5 Re8 25. Rxf6 Nxf6 26. Bxf6+ Kh7 27. Bd3+ Kh6 28.
Nef5+ Bxf5 29. Nxf5+ Kg6 30. Bxd8 Raxd8 31. Rc1 Kf6 32. Rf1 Rf8 33. g4 hxg4 34.
hxg4 Ke5 35. Kg2 Rd7 36. Re1+ Kd5 37. Rc1 Re8 38. Bc4+ 1-0

[Event "Mistrzostwa Polski Juniorow do lat 16 - Chlopcy"]
[Site "Szklarska Poreba"]
[Date "1899-12-30"]
[Round "5.19"]
[White "Wasik, Mateusz"]
[Black "Trybus, Daniel"]
[Result "0-1"]
[WhiteTitle "I"]
[BlackTitle "I++"]
[WhiteElo "1724"]
[BlackElo "2010"]

1. e4 Nf6 2. e5 Nd5 3. d4 d6 4. Nf3 g6 5. Bc4 Nb6 6. Bb3 Bg7 7. Ng5 e6 8. f4 Nc6
9. c3 O-O 10. O-O Na5 11. Bc2 c5 12. Nf3 dxe5 13. fxe5 cxd4 14. cxd4 Nd5 15. Nc3
Nxc3 16. bxc3 Qc7 17. Ba3 Rd8 18. Qe1 Bd7 19. Bd6 Qc4 20. Ng5 Be8 21. Qh4 h5 22.
Rf3 Bc6 23. Re3 Bh6 24. Bc7 Rd7 25. Bxa5 Qd5 26. Rf3 Qxa5 27. Nxf7 Rxf7 28. Rxf7
Qxc3 29. Raf1 Qxc2 30. Qh3 Bd5 31. R7f2 Qe4 32. Kh1 Rf8 0-1

[Event "Mistrzostwa Polski Juniorow do lat 16 - Chlopcy"]
[Site "Szklarska Poreba"]
[Date "1899-12-30"]
[Round "5.20"]
[White "Wysocki, Mateusz"]
[Black "Strepikowski, Pawel"]
[Result "1-0"]
[WhiteTitle "I"]
[BlackTitle "I"]
[WhiteElo "1864"]
[BlackElo "1676"]

1. e4 Nc6 2. d4 d6 3. Nc3 Nf6 4. d5 Nb8 5. f3 g6 6. Be3 Bg7 7. Qd2 O-O 8. Nge2
c6 9. dxc6 bxc6 10. g4 Nbd7 11. Ng3 Qa5 12. Be2 Rb8 13. Nd1 Qxd2+ 14. Kxd2 c5
15. c3 Nb6 16. h4 Be6 17. b3 a5 18. Kc2 c4 19. Rb1 Rfc8 20. b4 axb4 21. Rxb4 Nbd7
22. Rxb8 Rxb8 23. Nb2 d5 24. g5 Ne8 25. exd5 Bxd5 26. Rd1 e6 27. Bd4 Nb6 28. Ne4
Bxd4 29. Rxd4 Ra8 30. a4 Nxa4 31. Nxc4 Rc8 32. Ne3 Bxe4+ 33. fxe4 Nxc3 34. Bc4
Na4 35. Kd2 Nb6 36. Bb5 Kf8 37. Ng4 Ke7 38. Bd3 Nd6 39. Rb4 Nd7 40. e5 Nf5 41.
Rb7 Rb8 42. Ra7 Nd4 43. Kc3 Nc6 44. Rc7 Rb6 45. Be4 Ncb8 46. Rc8 Rb5 47. Kd4 Rb4+
48. Ke3 Na6 49. Nf6 Nxf6 50. gxf6+ Kd7 51. Rf8 Nc5 52. Rxf7+ Ke8 53. Re7+ Kf8
54. Bc6 Rxh4 55. Rc7 Rh3+ 56. Ke2 Rh2+ 57. Kf3 Rh3+ 58. Kg4 Rc3 59. Rc8+ 1-0

[Event "Mistrzostwa Polski Juniorow do lat 16 - Chlopcy"]
[Site "Szklarska Poreba"]
[Date "1899-12-30"]
[Round "5.21"]
[White "Majdanski, Maksymilian"]
[Black "Gardian, Adam"]
[Result "1/2-1/2"]
[WhiteTitle "I"]
[BlackTitle "I"]
[WhiteElo "1868"]
[BlackElo "1709"]

1. e4 e5 2. Nf3 Nc6 3. Bb5 a6 4. Bxc6 dxc6 5. O-O Bg4 6. h3 h5 7. d3 Qf6 8. Nbd2
Bd6 9. Re1 Ne7 10. d4 Ng6 11. hxg4 hxg4 12. Nh2 Rxh2 13. Qxg4 Rh7 14. Nf3 Qe7
15. Bg5 Qe6 16. Qg3 f6 17. Be3 Kf7 18. dxe5 Rah8 19. Kf1 Qc4+ 20. Re2 Rh1+ 21.
Ng1 Bxe5 22. f4 Rxg1+ 23. Bxg1 Nxf4 24. Qb3 Qxb3 25. cxb3 Nxe2 26. Kxe2 Bxb2 27.
Rd1 Ke6 28. Be3 Be5 29. Rd2 Rh1 30. Kd3 Rf1 31. Ke2 Rb1 32. Kd3 Rb2 33. Rxb2 Bxb2
34. Bf4 Be5 35. Be3 Bd6 36. Bd4 c5 37. Bf2 b5 38. g4 g6 39. Bg1 Kd7 40. Bf2 Kc6
41. Be1 Be5 42. Bd2 Kd6 43. Be3 c6 44. Bf2 c4+ 45. bxc4 c5 46. Be3 Kc6 47. Bf2
a5 48. Be1 a4 49. Bd2 b4 50. Kc2 g5 51. Be1 Kd6 52. Bf2 Bf4 53. Bg1 Kc6 54. Bf2
Be5 55. Be1 Bd4 56. Bg3 Kb6 57. Be1 Ka5 58. Bd2 Bf2 59. e5 fxe5 60. Bxg5 e4 61.
Bd8+ Ka6 62. g5 Bd4 63. Bf6 b3+ 64. axb3 a3 65. Bxd4 cxd4 66. g6 d3+ 67. Kd2 a2
68. g7 a1=Q 69. g8=Q Qd4 70. Qa8+ Kb6 71. Qb8+ Ka5 1/2-1/2

[Event "Mistrzostwa Polski Juniorow do lat 16 - Chlopcy"]
[Site "Szklarska Poreba"]
[Date "1899-12-30"]
[Round "5.22"]
[White "Budzisz, Adrian"]
[Black "Kalkowski, Igor"]
[Result "1-0"]
[WhiteTitle "I"]
[BlackTitle "I+"]
[WhiteElo "1812"]
[BlackElo "1862"]

1. e4 c5 2. Nf3 e6 3. g3 d5 4. exd5 exd5 5. d4 Nf6 6. Bg2 h6 7. O-O Be6 8. dxc5
Bxc5 9. a3 a5 10. Nc3 Nc6 11. Bf4 O-O 12. Qd3 d4 13. Nb5 Nd5 14. Bc1 Qf6 15. Nd2
Ne5 16. Qe4 Ne3 17. fxe3 dxe3 18. Kh1 Ng4 19. Rxf6 gxf6 20. Qf3 Nf2+ 21. Qxf2
exf2 22. Ne4 Bb6 23. Bxh6 Rfd8 24. Bf4 Kg7 25. Ned6 Bg4 26. c4 Re8 27. Nxe8+ Rxe8
28. Bd2 Rd8 29. Bc3 Be3 30. h3 Be2 31. Bf1 Bf3+ 32. Kh2 b6 33. b4 a4 34. Nc7 Rc8
35. Na6 Bb7 36. b5 Bf3 37. Nb4 Kg6 38. Nc6 Bxc6 39. bxc6 Rxc6 40. Rb1 Bc5 41.
Bb4 Bd4 42. Kg2 Re6 43. Rd1 Be3 44. Kf3 Bc5 45. Bxc5 Re1 46. Rd2 bxc5 47. Kxf2
Rc1 48. Bd3+ Kh6 49. Rc2 Rb1 50. Rc3 Rb2+ 51. Bc2 Kg5 52. Kf3 f5 53. Bxa4 Kf6
54. Re3 Rd2 55. Bc6 Rh2 56. h4 Ra2 57. a4 Rc2 58. Bb5 Rc1 59. a5 Ra1 60. a6 Ra2
61. Rd3 Ke5 62. Rd5+ 1-0

[Event "Mistrzostwa Polski Juniorow do lat 16 - Chlopcy"]
[Site "Szklarska Poreba"]
[Date "1899-12-30"]
[Round "5.23"]
[White "Gradalski, Olaf"]
[Black "Babiarz, Arkadiusz"]
[Result "1-0"]
[WhiteTitle "II+"]
[BlackTitle "I++"]
[WhiteElo "1719"]
[BlackElo "1831"]

1. d4 d5 2. c4 dxc4 3. e4 e5 4. Nf3 exd4 5. Bxc4 Nc6 6. O-O Nf6 7. e5 Ne4 8. Re1
Nc5 9. Bg5 Be7 10. Bxe7 Qxe7 11. Nxd4 Nxd4 12. Qxd4 Ne6 13. Bxe6 Bxe6 14. Nc3
O-O 15. Qe4 c6 16. f4 Rad8 17. Rad1 Rxd1 18. Rxd1 Rd8 19. Qa4 Rxd1+ 20. Qxd1 Qd7
21. Qxd7 Bxd7 22. Kf2 c5 23. Ke3 Bc6 24. g4 Kf8 25. Ne4 b6 26. f5 Ke7 27. Kf4
h6 28. h4 Bd5 29. Nc3 Bc6 30. a3 a6 31. Ne4 Kd7 32. Ng3 Bd5 33. Nh5 g6 34. Nf6+
Kc6 35. Nxd5 Kxd5 36. e6 g5+ 37. hxg5 hxg5+ 38. Kxg5 fxe6 39. f6 Kd6 40. Kg6 1-0

[Event "Mistrzostwa Polski Juniorow do lat 16 - Chlopcy"]
[Site "Szklarska Poreba"]
[Date "1899-12-30"]
[Round "5.24"]
[White "Topola, Rafal"]
[Black "Haliniak, Wojciech"]
[Result "1-0"]
[WhiteTitle "I"]
[BlackTitle "I"]
[WhiteElo "1754"]
[BlackElo "1705"]

1. e4 c5 2. Nf3 Nc6 3. d4 cxd4 4. Nxd4 Nf6 5. Nc3 d6 6. Bc4 g6 7. Nxc6 bxc6 8.
e5 Nd7 9. exd6 exd6 10. Bf4 Qe7+ 11. Qe2 Ne5 12. O-O Bg7 13. Rfe1 Be6 14. Bxe6
fxe6 15. Ne4 Nf7 16. Nxd6+ Nxd6 17. Qxe6 Qxe6 18. Rxe6+ Kf7 19. Rxd6 Bxb2 20.
Rb1 Rhe8 21. g3 Be5 22. Rb7+ Kg8 23. Bxe5 Rxe5 24. Rdd7 Ra5 25. Rg7+ Kf8 26. Rxh7
Kg8 27. Rbg7+ Kf8 28. Rxg6 Re8 29. Rh8+ Kf7 30. Rxe8 Kxg6 31. Re6+ Kf5 32. Rxc6
Rxa2 33. h4 a5 34. h5 1-0